000 00618nam a22001697a 4500
005 20231102082418.0
008 231102b |||||||| |||| 00| 0 eng d
041 _aEnglish
082 _a346.6 PYE
100 _aDiemont, MA and Boehmke, MA
_lEnglish
245 _aPyemont's Company Law of South Africa :
_bcontaining the statutes, forms and rules with comment thereon /
_cMA Diemont and MA Boekmke
250 _aSixth Edition
260 _aCape Town :
_bJuta and Company Ltd,
_c1953
300 _blxiv, 722 pages ;
_c26 cm.
650 _aLegal practice
_bLaw
942 _cBK
_6ALISON_BN_VRIES
999 _c245
_d245